00678nam a2200205Ia 4500001003000000003000900030008004100039040002300080041001300103100002000116245005200136250001500188260002600203300001900229490002200248500002200270501012400292520003500416700002100451282.082 092-GIU ro er (22033)IT-MiSPE171229s9999||||xx |||||||||||||| ||und|| aIT-MiSPEcIT-MiSPE aITALIANO aRosario Giuè  0aErnesto BalduccibLa parola di Dio nella storia a1a ed. (v) aMilanobPaolinec2012 a201 p. c21 cm aLibroteca P.v142 aBalducci, Ernesto aEdizioni San Paolo srl - Piazza Soncino, 5 - 20092 CINISELLO BALSAMO (MI) (non commercial uses only) ® Copyright 2018 aRaniero La Valle (pref.). Tav. aRaniero La Valle